| 000 | 00461pab a2200169 454500 | ||
|---|---|---|---|
| 008 | 180718b2012 xxu||||| |||| 00| 0 eng d | ||
| 100 | _aBora, Abhijit | ||
| 245 | _aEducational institutions and government: Potential preservators of our cultural heritage | ||
| 260 | _c2012 | ||
| 300 | _ap.23-27,30. | ||
| 362 | _a27 Feb | ||
| 650 | _aEducational institutions | ||
| 650 | _aCultural heritage | ||
| 773 | _aUniversity News | ||
| 908 | _aN | ||
| 909 | _a95177 | ||
| 999 |
_c95177 _d95177 |
||